000
00245nam a2200097Ia 4500
082
_a
658.4 FEAR
245
0
_a
Business studies
100
_a
FEARNS, Peter London, 2003
_9
95388
942
_c
BK
008
210817s9999 xx 000 0 und d
999
_c
395710
_d
395709